00222nam a2200085Ia 4500008004100000100002100041245003700062260002900099300000800128201224s9999 xx 000 0 und d aSmelser, Neil J. 0a(The) Sociology of Economic Life aNew DelhibPrentice Hall a120